LEADER 00866nam a2200217 i 4500 001 000000223815 003 CaOOAMICUS 005 20131021000000.0 008 131021s1799 it u000 u lat u 013 $a202713 026 $a16d. a.ia n-n- quA, (3) 1799 (R) 040 $aSeMil$bita 245 10$aMetaphysicae pars 1. 300 $a123, [1] p. 500 $aSegn. : A-D12 E14. 773 0 $aMalvin de Montazet, Antoine : de <1713-1788>$tInstitutiones philosophicae auctoritate d.d. archiepiscopi Lugdunensis ad usum scholarum suae dioecesis editae. Tomus 1. [-6.].$dBassani : Apud Josephum Remondini et filios, 1799.$g2$w()28917 850 $aSeMil 852 $aSeMil$W1$xVenegono$y1$m2R I 40 FA$j174161$B174161$CSeMilBibl$Z2$F184339 $8I 941 1 $a10 961 $aRecupero: Mantegazza 996 $6245$aMetaphysicae pars 1$9(OLS)http://semarc/title/320909 LEADER 01152nam a2200229 i 4500 001 000000182964 003 CaOOAMICUS 005 20091103000000.0 008 091103s1953 sp u000 u mul u 013 $a160925 040 $aSeMil$bita 100 1 $aBañez, Domingo,$c.$0(OLS)http://semarc/name/10021 245 10$aDe sacramentis :$bqq. 60-90; addition. 1-24 /$cDomingo Bañez. 260 $aMadrid :$bConsejo Superior de Investigaciones Científicas,$c1953. 300 $a498 p. ;$c26 cm. 490 0 $aBiblioteca de teólogos españoles ;$v19 773 0 $aBañez, Domingo $tComentarios inéditos a la tercera parte de Santo Tomas.$dMadrid : Consejo Superior de Investigaciones Científicas, 1951-1953.$g2$w()22341 830 0$aBiblioteca de teólogos españoles ;$v19.$0(OLS)http://semarc/title/14249 850 $aSeMil 852 $aSeMil$W1$xVenegono$y1$m2B V 110$j133668$B133668$CSeMilBibl$Z2$F145419 $81 996 $6245$aDe sacramentis :$bqq. 60-90; addition. 1-24$9(OLS)http://semarc/title/262581 996 $6260$aMadrid :$bConsejo Superior de Investigaciones Científicas$9(OLS)http://semarc/publisher/35612